| 000 | 00596nam a2200217 a 4500 | ||
|---|---|---|---|
| 008 | |||
| 020 | _a1844450724 (pbk) | ||
| 049 | _aMAIN | ||
| 090 |
_aLB1555 _bHAY |
||
| 100 | 1 | _aHayes, Denis. | |
| 245 | 1 | 0 |
_aInspiring primary teaching / _cDenis Hayes. |
| 260 |
_aExeter : _bLearning Matters Ltd., _c2006. |
||
| 300 |
_avi, 137 p. : _bill. ; _c24 cm. |
||
| 500 | _aIncludes Index. | ||
| 650 | 1 | _aPrimary teaching. | |
| 907 |
_a.b10270693 _b29-04-10 _c28-10-09 |
||
| 003 | |||
| 005 | 20230123125000.0 | ||
| 040 | _cNUST | ||
| 942 |
_cBOOKS _kLB1555 _mHAY |
||
| 999 |
_c133634 _d133634 |
||